Derechos de las Trabajadoras
Wedi'i Gadw mewn:
| Awdur Corfforaethol: | |
|---|---|
| Fformat: | Texto |
| Cyhoeddwyd: |
San José:
DH
|
| Tagiau: |
Ychwanegu Tag
Dim Tagiau, Byddwch y cyntaf i dagio'r cofnod hwn!
|
MARC
| LEADER | 00000 a a2200000 04500 | ||
|---|---|---|---|
| 001 | 26784 | ||
| 003 | |||
| 040 | |||
| 090 | |a 149800 | ||
| 110 | |a OIT | ||
| 245 | |a Derechos de las Trabajadoras | ||
| 260 | |a San José: |b DH | ||
| 300 | |a 160 p; Módulo n. 2 |b **no definido** |b il. | ||
| 999 | |c 15598 |d 15598 | ||
